<?xml version="1.0" encoding="UTF-8"?>
<record
    xmlns:xsi="http://www.w3.org/2001/XMLSchema-instance"
    xsi:schemaLocation="http://www.loc.gov/MARC21/slim http://www.loc.gov/standards/marcxml/schema/MARC21slim.xsd"
    xmlns="http://www.loc.gov/MARC21/slim">

  <leader>01447nam a22002417a 4500</leader>
  <controlfield tag="003">NALT</controlfield>
  <controlfield tag="005">20250917150955.0</controlfield>
  <controlfield tag="008">210330b        th ||||| |||| 00| 0 tha d</controlfield>
  <datafield tag="040" ind1=" " ind2=" ">
    <subfield code="a">NALT</subfield>
  </datafield>
  <datafield tag="090" ind1=" " ind2=" ">
    <subfield code="a">ELR 116/2 2564</subfield>
  </datafield>
  <datafield tag="100" ind1="0" ind2=" ">
    <subfield code="a">&#xE1B;&#xE31;&#xE17;&#xE21;&#xE32; &#xE1A;&#xE38;&#xE13;&#xE11;&#xE23;&#xE34;&#xE01;&#xE1A;&#xE38;&#xE15;&#xE23;</subfield>
    <subfield code="9">46035</subfield>
  </datafield>
  <datafield tag="245" ind1="1" ind2="0">
    <subfield code="a">&#xE01;&#xE32;&#xE23;&#xE27;&#xE34;&#xE40;&#xE04;&#xE23;&#xE32;&#xE30;&#xE2B;&#xE4C;&#xE41;&#xE25;&#xE30;&#xE08;&#xE31;&#xE14;&#xE17;&#xE33;&#xE41;&#xE1C;&#xE19;&#xE01;&#xE32;&#xE23;&#xE1E;&#xE31;&#xE12;&#xE19;&#xE32;&#xE41;&#xE25;&#xE30;&#xE1D;&#xE36;&#xE01;&#xE2D;&#xE1A;&#xE23;&#xE21; (Training Road Map) &#xE2A;&#xE33;&#xE2B;&#xE23;&#xE31;&#xE1A;&#xE2A;&#xE32;&#xE22;&#xE07;&#xE32;&#xE19;&#xE17;&#xE23;&#xE31;&#xE1E;&#xE22;&#xE32;&#xE01;&#xE23;&#xE1A;&#xE38;&#xE04;&#xE04;&#xE25;&#xE02;&#xE2D;&#xE07;&#xE2A;&#xE33;&#xE19;&#xE31;&#xE01;&#xE07;&#xE32;&#xE19;&#xE40;&#xE25;&#xE02;&#xE32;&#xE18;&#xE34;&#xE01;&#xE32;&#xE23;&#xE2A;&#xE20;&#xE32;&#xE1C;&#xE39;&#xE49;&#xE41;&#xE17;&#xE19;&#xE23;&#xE32;&#xE29;&#xE0E;&#xE23; /</subfield>
    <subfield code="c">&#xE1B;&#xE31;&#xE17;&#xE21;&#xE32; &#xE1A;&#xE38;&#xE13;&#xE11;&#xE23;&#xE34;&#xE01;&#xE1A;&#xE38;&#xE15;&#xE23;.</subfield>
  </datafield>
  <datafield tag="246" ind1="3" ind2="0">
    <subfield code="a">&#xE02;&#xE49;&#xE2D;&#xE40;&#xE2A;&#xE19;&#xE2D;&#xE41;&#xE19;&#xE27;&#xE04;&#xE34;&#xE14;&#xE43;&#xE19;&#xE01;&#xE32;&#xE23;&#xE1B;&#xE23;&#xE31;&#xE1A;&#xE1B;&#xE23;&#xE38;&#xE07;&#xE2B;&#xE23;&#xE37;&#xE2D;&#xE1E;&#xE31;&#xE12;&#xE19;&#xE32;&#xE07;&#xE32;&#xE19;</subfield>
  </datafield>
  <datafield tag="260" ind1=" " ind2=" ">
    <subfield code="a">&#xE01;&#xE23;&#xE38;&#xE07;&#xE40;&#xE17;&#xE1E;&#xE2F; :</subfield>
    <subfield code="b">&#xE2A;&#xE33;&#xE19;&#xE31;&#xE01;&#xE07;&#xE32;&#xE19;&#xE40;&#xE25;&#xE02;&#xE32;&#xE18;&#xE34;&#xE01;&#xE32;&#xE23;&#xE2A;&#xE20;&#xE32;&#xE1C;&#xE39;&#xE49;&#xE41;&#xE17;&#xE19;&#xE23;&#xE32;&#xE29;&#xE0E;&#xE23;,</subfield>
    <subfield code="c">2564.</subfield>
  </datafield>
  <datafield tag="300" ind1=" " ind2=" ">
    <subfield code="a">207 &#xE2B;&#xE19;&#xE49;&#xE32; :</subfield>
    <subfield code="b">&#xE15;&#xE32;&#xE23;&#xE32;&#xE07;, &#xE41;&#xE1C;&#xE19;&#xE20;&#xE32;&#xE1E; ;</subfield>
    <subfield code="c">29 &#xE0B;&#xE21;.</subfield>
  </datafield>
  <datafield tag="650" ind1=" " ind2="4">
    <subfield code="9">14045</subfield>
    <subfield code="a">&#xE01;&#xE32;&#xE23;&#xE1D;&#xE36;&#xE01;&#xE2D;&#xE1A;&#xE23;&#xE21;</subfield>
  </datafield>
  <datafield tag="650" ind1=" " ind2="0">
    <subfield code="a">&#xE01;&#xE32;&#xE23;&#xE1E;&#xE31;&#xE12;&#xE19;&#xE32;&#xE1A;&#xE38;&#xE04;&#xE25;&#xE32;&#xE01;&#xE23;</subfield>
    <subfield code="9">9621</subfield>
  </datafield>
  <datafield tag="653" ind1=" " ind2=" ">
    <subfield code="a">&#xE2A;&#xE32;&#xE22;&#xE07;&#xE32;&#xE19;&#xE17;&#xE23;&#xE31;&#xE1E;&#xE22;&#xE32;&#xE01;&#xE23;&#xE1A;&#xE38;&#xE04;&#xE04;&#xE25;</subfield>
  </datafield>
  <datafield tag="850" ind1=" " ind2=" ">
    <subfield code="a">NALT</subfield>
  </datafield>
  <datafield tag="942" ind1=" " ind2=" ">
    <subfield code="c">IS</subfield>
    <subfield code="2">local</subfield>
  </datafield>
  <datafield tag="998" ind1=" " ind2=" ">
    <subfield code="a">bijaya</subfield>
    <subfield code="c">103</subfield>
    <subfield code="j">8</subfield>
    <subfield code="k"> &#xE19;&#xE32;&#xE22;&#xE1A;&#xE31;&#xE13;&#xE11;&#xE34;&#xE15;  &#xE2D;&#xE38;&#xE17;&#xE32;&#xE27;&#xE07;&#xE04;&#xE4C;</subfield>
  </datafield>
  <datafield tag="999" ind1=" " ind2=" ">
    <subfield code="c">98211</subfield>
    <subfield code="d">98211</subfield>
  </datafield>
  <datafield tag="952" ind1=" " ind2=" ">
    <subfield code="0">0</subfield>
    <subfield code="1">0</subfield>
    <subfield code="2">local</subfield>
    <subfield code="4">0</subfield>
    <subfield code="7">0</subfield>
    <subfield code="8">CIS</subfield>
    <subfield code="a">NALT</subfield>
    <subfield code="b">NALT</subfield>
    <subfield code="c">IS</subfield>
    <subfield code="d">2021-03-30</subfield>
    <subfield code="l">22</subfield>
    <subfield code="m">17</subfield>
    <subfield code="o">ELR 116/2 2564</subfield>
    <subfield code="p">3961211830</subfield>
    <subfield code="r">2025-09-26 00:00:00</subfield>
    <subfield code="s">2025-09-17</subfield>
    <subfield code="w">2021-03-30</subfield>
    <subfield code="y">IS</subfield>
  </datafield>
</record>
